Colour chemistry (Record no. 33359)

MARC details
000 -LEADER
fixed length control field 00274nam a2200109Ia 4500
082 ## - DEWEY DECIMAL CLASSIFICATION NUMBER
Classification number 066.099
Item number ALL
100 ## - MAIN ENTRY--AUTHOR NAME
Personal name Allen, R L M
245 #0 - TITLE STATEMENT
Title Colour chemistry
260 ## - PUBLICATION, DISTRIBUTION, ETC. (IMPRINT)
Place of publication New York
Name of publisher Appleton-Century-Crafts
Year of publication 1971
942 ## - ADDED ENTRY ELEMENTS (KOHA)
Koha item type Books
Holdings
Withdrawn status Lost status Damaged status Not for loan Home library Current library Date acquired Cost, normal purchase price Full call number Accession Number Koha item type
        RRII Library RRII Library 16/12/2021 34.50 066.099 ALL 13857 Books